NBA Player’s Dads in NBA - Statistics

General Stats
  • This quiz has been taken 26 times
  • The average score is 19 of 22
Answer Stats
Father’s Name Son’s Name % Correct
*Mitchell Wiggins Andrew
100%
*Manute Bol Bol
100%
*Melvin Booker Devin
100%
*Gary Payton Gary | Gary Payton II
100%
*Rick Brunson Jalen
100%
*Stan Love Kevin
100%
*Mychal Thompson Klay
100%
Joe Bryant Kobe
100%
*Larry Nance Larry | Larry Nance Jr | Pete
100%
*Dell Curry Stephen | Wardell | Seth
100%
*Tim Hardaway Tim | Tim Hardaway Jr
100%
Doc Rivers Austin
95%
*LeBron James Bronny | LeBron Jr
95%
*Winston Garland Darius
90%
*Arvydas Sabonis Domantas
90%
Henry Bibby Mike
90%
Press Maravich Pete
90%
*Scottie Pippen Scotty
90%
*Charles Claxton Nic | Nicolas
86%
*Greg Anthony Cole
71%
*Sonny Parker Jabari
33%
Terry Davis Ed
14%
No matching quizzes found
Score Distribution
Percent of People with Each Score
Percentile by Number Answered
Your Score History
You have not taken this quiz